000 00787nam a2200253Ia 4500
005 20250117103432.0
008 008 250103s9999 xx 000 0 eng d
020 _a9780128188033
037 _aTextbook
040 _aCSL
_beng
_cCSL
041 _aeng
_2eng
084 _aD65,8(B):(S:72) R0
_qCSL
100 _aTheodoridis, Sergios
245 0 _aMachine learning
_cTheodoridis, Sergios
250 _a2nd
260 _aLondon
_bAcademic Press
_c2020
300 _axxvii,1131p. Col.ill
650 _a Laser squares family
_9733031
650 _a Mean square error linear estimation
_9733032
650 _a Probability and stochastic processes
_9733033
650 _aOperational Research
942 _cTB
_hD65,8(B):(S:72) R0
999 _c1237370
_d1237370